000 00973cab a2200193 4500
001 L130082
008 050621n2005 000 0 eng u
035 _a(Sirsi) u130082
041 _aeng
100 _aHay, George
245 4 _aThe client strikes back
260 _c2005
490 _aBuilding
_v270(8384) 3 June 2005, 26-28(3)
520 _aWarns of the potential conflicts caused by the BPF's proposal to give clients their own form of template for dealing with consultants. The clients hope to use the agreement as an industry standard but consultants have not signed whilst the RIBA and the Association of Consulting Engineers are already advising their members to reject it. Both organisations are concerned that the consultants will be liable for increased costs should a project fail.
590 _aIKA210605
650 _aBPF CONSULTANCY AGREEMENT
690 _aBUILT ENVIRONMENT-BUILDING CONTRACT FORMS-STANDARD FORMS OF BUILDING CONTRACT
942 _n0
999 _c75446
_d75446